Trasa Linii 102 (MPK KRAKÓW) - Statystyki

Ogólne statystyki
  • Ten quiz został rozwiązany 14 razy
  • Średni wynik to 22 z 30
Statystyki odpowiedzi
Lp. Ulica Przystanek % Poprawnych
22. Chełmskaal. Kasztanowa Chełm
100%
24. (NŻ) Rzepichy Rzepichy
100%
23. (NŻ) Chełmska Chełmska
91%
19. al. Kasztanowa Kasztanowa
91%
30. Astronautów Bielany
82%
29. Księcia JózefaOrla Bielany Szkoła
82%
7. Królewskaal. Kijowska Biprostal
82%
11. Piastowska Cichy Kącik
82%
1. Krowoderskich Zuchów Krowodrza Górka P+R
82%
10. Piastowska Miasteczko Studenckie AGH
82%
27. (NŻ) Orla Obserwatorium
82%
18. Królowej Jadwigi Park Decjusza
82%
12. Królowej JadwigiPiastowska Piastowska
82%
8. Królewska UKEN
82%
28. (NŻ) Orla Cmentarz Bielany
73%
9. ↓ Podchorążych Głowackiego
73%
15. (NŻ) Królowej Jadwigi Lajkonika
73%
5. Wrocławska Łobzów SKA
73%
16. Królowej Jadwigi Strzelnica
73%
4. Wybickiego Wybickiego
73%
26. Rzepichy Zakamycze
73%
13. ↑ Królowej Jadwigi Owcy-Orwicza
64%
14. (NŻ) Królowej Jadwigi Tondosa
64%
25. (NŻ) Rzepichy Kosmowskiej
55%
2. ↑ Ździebły-Danowskiego Krowodrza Górka P+R
55%
3. Krowoderskich Zuchów Krowodrza Urzędy Skarbowe
55%
6. al. Kijowska Mazowiecka
55%
17. Królowej Jadwigi Sielanka
55%
21. al. Kasztanowa Zielony Dół
55%
20. (NŻ) al. Kasztanowa Kopalina
45%
Nie znaleziono quizów pasujących do podanych kryteriów
Rozkład punktacji
Procent ludzi z każdym wynikiem
Percentyl według liczby udzielonych odpowiedzi
Twoja historia wyników
Nie rozwiązałeś tego quizu